Регионална библиотека "Любен Каравелов" - Русе

Съвършенство (Запис номер 525026)

MARC детайли
000 -Лидер
Контролно поле с фиксирана дължина 00799nam a2200217 a 4500
003 - Код на организацията, давaща контролен номер
Контролно поле BLK
005 - Дата и час на последна редакция
Контролно поле 20250422105947.0
008 - Елементи от данни с фиксирана дължина
fixed length control field 181119b bu |||gr|||| 00| 0 bu d
020 ## - Международен стандартен номер на книга ISBN
Международен стандартен номер на книга ISBN 9789543305131
040 ## - Източник на каталожния запис
Идентификатор на билиотеката - собственик на записа BLK
041 ## - Код за език
Код за езика на текст/звукозапис или на отделно заглавие Български
Код за езика КДБФ Български
080 ## - УДК
Текстов определител УДК Българска литература
УДК код - определител по УДК 821.163.2
УДК - код + определител 821.163.2-32
УДК определител -32
100 ## - Редна дума - Автор
R(LIN) 364501
Автор Даверов, Владо
Авторска отговорност първи автор
Автор - информация (биография) Даверов, Владимир Георгиев
139 ## - Редно поле
Редна дума Даверов, Владо
Авторски знак Дав - Д 13
245 ## - Сведения за заглавието
Заглавие Съвършенство
Редно поле (дума) Владо Даверов
260 ## - Област на издателските данни
9 (RLIN) 210148
Място на издаване, разпространение и проч. София
Име на издателя, разпространителя и проч. Унискорп
Година на издаване 2020
Издателство - префикс ISBN 978-954-330- ; 954-8456-
300 ## - Физическа характеристика
Страници 240 с.
Размери/Мащаб 20 см
380 ## - Жанр
Жанр Худож. лит.
942 ## - АРТИКУЛИ
Вид на библиотечния материал Книги
Скрит в OPAC Не
Koha issues (borrowed), all copies 4
999 ## - СИСТЕМНИ КОНТРОЛНИ НОМЕРА
Koha biblionumber 525026
Koha biblioitemnumber 525026
944 ## - СЪЗДАВАНЕ И РЕДАКЦИЯ на ЗАПИСА
Създаване/Редакция
Дата на регистрацията/редакция Нора Радева
Служител, извършил регистрацията/редакцията 30531
Статус, дата на статуса Цветелина Шанова
Наличности
Код за отписване Код за изгубен артикул Източник на класификационната схема Код за повреда Код за отдаване Артикулен № Име на библиотеката - собственик Име на библиотеката, в която се намира в момента Статус (Текущо местоположение) Дата на вписване в системата Местоположение - отдел Цена в лева Инвентарен номер Систематично азбучна сигнатура Баркод Цена в евро Служебен тип на артикула
  Не е изгубен Universal Decimal Classification Не е повреден заемане за дома 959717 Регионална библиотека "Любен Каравелов" Русе Регионална библиотека "Любен Каравелов" Русе Заемна - подръчен фонд 2025-01-29 Заемна - подръчен фонд 10.50 120000917350 821.163.2-32/Д 13 В 120000917350 5.37 Книги
Vip Innovations Ltd, Rousse, Bulgaria 2025